| 000 | 00971 a2200205 4500 | ||
|---|---|---|---|
| 003 | Nust | ||
| 005 | 20221118114232.0 | ||
| 020 | _a0582444314 | ||
| 040 | _cNust | ||
| 082 | _a515.35, STE | ||
| 100 |
_aG.Stephenson _9103050 |
||
| 245 |
_aAn introduction to partial differential equations for science students/ _cG.Stephenson |
||
| 250 | _a2nd ed. | ||
| 260 |
_aLondon _bLongmans _c1968 |
||
| 300 | _ax, 152: pages | ||
| 505 | _aBasic Concepts (Page-1), Classification Of Equations And Boundary Conditions (Page-13), Orthonormal Functions (Page-28), Applications Of Furrier’s Methods (Page-42), Problems Involving Cylindrical And Spherical Symmetry (Page-62), Continuous Eignvalues And Fourier Integrals (Page-79), The Laplace Transform (Page-89), Transform Methods For Boundary Value Problems (Page-107), Green’s Functions And Generalized Functions (Page-128). | ||
| 600 |
_aG.Stephenson _9103050 |
||
| 650 |
_aDifferential Equations _9688 |
||
| 942 |
_2ddc _cBK |
||
| 999 |
_c181927 _d181927 |
||